| 000 | 00700nam a2200217 i 4500 | ||
|---|---|---|---|
| 001 | 69902 | ||
| 003 | ES-MaACL | ||
| 005 | 20240514124301.0 | ||
| 007 | t| | ||
| 008 | 040713s1935 sp ||||1| spa d | ||
| 080 | _a821.134.2-143"19" | ||
| 100 | 1 |
_aGarcía Lorca, Federico, _d1898-1936 _954853 |
|
| 245 | 1 | 0 |
_aLlanto por Ignacio Sánchez Mejías / _cde Federico García Lorca ; dibujos de J. Caballero. |
| 260 |
_aMadrid : _bCruz y Raya, _c1935 ( _fS. Aguirre) |
||
| 300 |
_a22 p. : _b[3] h. de lám. ; _c29 cm. |
||
| 500 | _aDatos tomados de la cub. | ||
| 700 | 1 |
_aCaballero, José, _d1915-1991 _933084 |
|
| 852 | 4 |
_aES-MaACL _jArmario 18 _dOlim: G-4 |
|
| 942 | _2udc | ||
| 999 |
_c69902 _d69902 |
||